[Event "Thessaloniki-Chalkidiki-chT"]
[Site "Thessaloniki"]
[Date "2022.03.20"]
[Round "5"]
[White "Giannopoulou, Anastasia"]
[Black "Nikolopoulos, Dimitrios"]
[Result "1/2-1/2"]
[WhiteElo "1553"]
[BlackElo "1730"]
[PlyCount "101"]
[EventDate "2022.02.20"]
[EventType "team-tourn"]
[EventRounds "7"]
[EventCountry "GRE"]
[SourceTitle "EXT 2024"]
[Source "ChessBase"]
[SourceDate "2023.10.10"]
[SourceVersion "1"]
[SourceVersionDate "2023.10.10"]
[SourceQuality "1"]

1. d4 d5 2. c4 c6 3. Nf3 Nf6 4. Nc3 e6 5. Bf4 Nbd7 6. Ne5 Be7 7. h3 Nxe5 8. dxe5 Nd7 9. cxd5 exd5 10. e4 dxe4 11. Qg4 Nxe5 12. Qxg7 Bf6 13. Qg3 Nd3+ 14. Bxd3 Qxd3 15. Rd1 Qxg3 16. Bxg3 Bf5 17. 0-0 0-0 18. Rfe1 Rfe8 19. Bf4 Rad8 20. Rc1 h5 21. Nd1 Be5 22. Be3 Bd4 23. Bg5 f6 24. Bh4 Kf7 25. Ne3 Bxe3 26. Rxe3 Rd2 27. Rb3 Re7 28. Rc5 Rd5 29. Rcc3 Red7 30. Kf1 Rd3 31. Rxd3 exd3 32. Ke1 c5 33. Kd2 a6 34. Rc3 Rd5 35. f3 b5 36. b3 Ke6 37. g4 hxg4 38. hxg4 Bg6 39. f4 Bh7 40. f5+ Ke5 41. Rxd3 Rxd3+ 42. Kxd3 Bg8 43. Bg3+ Kd5 44. Bf4 c4+ 45. bxc4+ bxc4+ 46. Kc3 Ke4 47. Bc1 Kf3 48. g5 fxg5 49. Bxg5 Kg4 50. Be7 Kxf5 51. a3 1/2-1/2

[Event "Thessaloniki-Chalkidiki-chT B local"]
[Site "Thessaloniki"]
[Date "2019.01.13"]
[Round "1.5"]
[White "Bertaki, Efrosini"]
[Black "Giannopoulou, Anastasia"]
[Result "0-1"]
[WhiteElo "1153"]
[BlackElo "1442"]
[PlyCount "54"]
[EventDate "2019.01.13"]
[EventType "team-swiss"]
[EventRounds "9"]
[EventCountry "GRE"]
[SourceTitle "EXT 2020"]
[Source "ChessBase"]
[SourceDate "2019.10.17"]
[SourceVersion "1"]
[SourceVersionDate "2019.10.17"]
[SourceQuality "1"]

1. e4 c5 2. Nf3 d6 3. Nc3 Nf6 4. Bb5+ Bd7 5. Bxd7+ Qxd7 6. 0-0 g6 7. e5 dxe5 8. Nxe5 Qd8 9. Qf3 Nbd7 10. Re1 Nxe5 11. Rxe5 Qc7 12. Qxf6 Rg8 13. Nb5 0-0-0 14. Nxc7 exf6 15. Re8 Kxc7 16. Rxd8 Kxd8 17. d3 Bd6 18. Be3 g5 19. Rd1 f5 20. f3 Rg6 21. c4 Kd7 22. d4 cxd4 23. Rxd4 b6 24. a3 Re6 25. Rd3 Rxe3 26. Rxe3 Bc5 27. Kf2 f4 0-1

[Event "Mem Stavros Psomiadis"]
[Site "Thessaloniki"]
[Date "2016.11.21"]
[Round "2.10"]
[White "Giannopoulou, Anastasia"]
[Black "Baltakis, Ioannis"]
[Result "0-1"]
[WhiteElo "1423"]
[BlackElo "1433"]
[PlyCount "66"]
[EventDate "2016.11.14"]
[EventType "swiss"]
[EventRounds "6"]
[EventCountry "GRE"]
[SourceTitle "EXT 2024"]
[Source "ChessBase"]
[SourceDate "2023.10.10"]
[SourceVersion "1"]
[SourceVersionDate "2023.10.10"]
[SourceQuality "1"]

1. d4 c6 2. c4 d5 3. e3 Nf6 4. Nc3 a6 5. c5 b5 6. h3 Qc7 7. Nf3 Nbd7 8. Bd3 e5 9. Bc2 e4 10. Nd2 a5 11. 0-0 Be7 12. Ne2 Nf8 13. f3 exf3 14. Rxf3 Ne6 15. Rf1 0-0 16. e4 dxe4 17. Nxe4 Rd8 18. Nxf6+ Bxf6 19. Rxf6 gxf6 20. Qd3 Nf8 21. Bh6 Ng6 22. Rf1 Qe7 23. Nf4 Be6 24. Nh5 Bc4 25. Nxf6+ Kh8 26. Qc3 Bxf1 27. d5 cxd5 28. Nxd5+ Qe5 29. Qxe5+ Nxe5 30. Nb6 Bc4 31. Nxa8 Rxa8 32. Be4 Rc8 33. b3 Bd3 0-1